World Class in India A Casebook of Companies in Transformation (Record no. 1827)

MARC details
000 -LEADER
fixed length control field 00431nam a2200169Ia 4500
008 - FIXED-LENGTH DATA ELEMENTS--GENERAL INFORMATION
fixed length control field 221030s9999 xx 000 0 und d
020 ## - INTERNATIONAL STANDARD BOOK NUMBER
ISBN 0141006676
041 ## - LANGUAGE CODE
Language code of text/sound track or separate title
082 ## - DEWEY DECIMAL CLASSIFICATION NUMBER
Classification number 105.23
Item number Gho
100 ## - MAIN ENTRY--AUTHOR NAME
Personal name S. Ghoshal
245 #0 - TITLE STATEMENT
Title World Class in India A Casebook of Companies in Transformation
260 ## - PUBLICATION, DISTRIBUTION, ETC. (IMPRINT)
Name of publisher Penguin books
Place of publication New Delhi
Year of publication 2001
300 ## - PHYSICAL DESCRIPTION
Number of Pages 652
650 ## - SUBJECT ADDED ENTRY--TOPICAL TERM
Topical Term Management
700 ## - ADDED ENTRY--PERSONAL NAME
Personal name G. Piramal
942 ## - ADDED ENTRY ELEMENTS (KOHA)
Koha item type Books
Holdings
Accession Number Cost, normal purchase price Full call number Price effective from Koha item type Withdrawn / writtenoff status Materials specified (bound volume or other part) Damaged status Not for loan Permanent Location Current Location Shelving location Date acquired Lost/ Missing status department
MBA 199 895.00 105.23 Gho 10/30/2022 Books   Print   Not For Loan MIET Library, Jammu MIET Library, Jammu BL-Second, FL-1, CUP-68, SH-6, R-6 03/15/2005   MBA